Διδακτική Μαθητών με Ειδικές Εκπαιδευτικές Ανάγκες: Εισαγωγή στην Ειδική Παιδαγωγική, Τόμος Β' / Από την Θεωρία στην Πράξη - Προϋποθέσεις, Προβλήματα, Εφαρμογές στη Γενική και Τεχνική-Επαγγελματική Εκπαίδευση και Κατάρτιση, Ειδική Αναφορά στους Χαρισματικούς Μαθητές (Record no. 5685)
[ view plain ]
| 000 -LEADER | |
|---|---|
| fixed length control field | 02996cam a22001934a 4500 |
| 005 - ΗΜΕΡΟΜΗΝΙΑ ΚΑΙ ΩΡΑ ΤΕΛΕΥΤΑΙΑΣ ΕΝΗΜΕΡΩΣΗΣ | |
| Πεδίο ελέγχου | 20250605164219.0 |
| 008 - FIXED-LENGTH DATA ELEMENTS--GENERAL INFORMATION | |
| Πεδίο ελέγχου σταθερού μήκους | 250528s ||||||||||||||||||||||||d |
| 035 ## - SYSTEM CONTROL NUMBER | |
| System control number | 20594 |
| 020 ## - ISBN | |
| ISBN | 9606306037 |
| 040 ## - ΠΗΓΗ ΚΑΤΑΛΟΓΟΓΡΑΦΗΣΗΣ | |
| Φορέας πρωτότυπης καταλογογράφησης | MC Athens Campus Library |
| Γλώσσα καταλογογράφησης | Ελληνικά, Μοντέρνα (1453-) |
| Modifying agency | MC Athens Campus Library |
| Κανόνες περιγραφικής καταλογογράφησης | AACR2 |
| 245 1# - ΤΙΤΛΟΣ ΚΑΙ ΔΗΛΩΣΗ ΥΠΕΥΘΥΝΟΤΗΤΑΣ | |
| Τίτλος | Διδακτική Μαθητών με Ειδικές Εκπαιδευτικές Ανάγκες: Εισαγωγή στην Ειδική Παιδαγωγική, Τόμος Β' / Από την Θεωρία στην Πράξη - Προϋποθέσεις, Προβλήματα, Εφαρμογές στη Γενική και Τεχνική-Επαγγελματική Εκπαίδευση και Κατάρτιση, Ειδική Αναφορά στους Χαρισματικούς Μαθητές |
| 260 ## - PUBLICATION, DISTRIBUTION, ETC. | |
| Name of publisher, distributor, etc. | Αποστολική Διακονία Της Εκκλησίας Της Ελλάδος, |
| Date of publication, distribution, etc. | 2005 |
| 300 ## - PHYSICAL DESCRIPTION | |
| Extent | 420 |
| 520 ## - SUMMARY, ETC. | |
| Summary, etc. | Στο έργο αυτό περιγράφονται σύγχρονες θεωρητικές προσεγγίσεις και εφαρμοσμένες πρακτικές για τη σχολική, επαγγελματική, οικονομική και κοινωνική ένταξη και ενσωμάτωση των ατόμων με ειδικές ανάγκες ή, όπως έχει αρχίσει να καθιερώνεται, ατόμων με αναπηρία (Α.Μ.Α.). Πρόλογος, Εισαγωγή, Εκπαιδευτικός Σχεδιασμός, Η Εκπαίδευση των Μαθητών με Ειδικές Εκπαιδευτικές Ανάγκες, Διάγνωση των Ειδικών Αναγκών, Σκοποί και Στόχοι της Διδασκαλίας, Το Αναλυτικό Πρόγραμμα, Διδακτική Παρέμβαση, Διδασκαλία: Αρχές και Μέθοδοι και Στρατηγικές και Πρότυπα, Διδακτικά Μέσα και Βοηθήματα, Στρατηγικές Μελέτης και Μάθησης - Μεταγνωστικές Δεξιότητες, Αξιολόγηση των Εκπαιδευτικών Αναγκών και της Επίδοσης, Διδακτική Παρέμβαση κατά Κατηγορία Μαθητών, Διδακτική Μαθητών με Ειδικές Εκπαιδευτικές Ανάγκες, Διδακτική Μαθητών με Προβλήματα Ακοής, Διδακκτική Μαθητών με Προβλήματα Όρασης, Διδακτική Μαθητών με Κινητικά Προβλήματα, Διδακτική Μαθητών με Νοητική Υστέρηση, Χαρισματικοί Μαθητές, Εφαρμοσμένη Διδακτική, Παράρτημα, Το Νομοθετικό Πλαίσιο για τα Προγράμματα και την Αξιολόγηση, Βιβλιογραφία. |
| 700 1# - ΠΡΟΣΘΕΤΗ ΑΝΑΓΡΑΦΗ--ΦΥΣΙΚΟ ΠΡΟΣΩΠΟ | |
| Personal name | Δελλασούδας Λαυρέντιος Γ |
| 9 (RLIN) | 5943 |
| 942 ## - ADDED ENTRY ELEMENTS (KOHA) | |
| Koha item type | Books |
| Τύπος τεκμηρίου | Βιβλιοθήκη | Τρέχουσα τοποθεσία | Barcode | Αριθμός εισαγωγής | Ημερομηνία απόκτησης | Ταξιθετικό σύμβολο | Αριθμός αντιτύπου | Κατάσταση απόσυρσης | Κατάσταση χαμένου | Κατάσταση κατεστραμμένου | Μη δανεισμός | Σύνολο δανεισμών | Ημερομηνία τελευταίας εμφάνισης | Η τιμή ισχύει από |
|---|---|---|---|---|---|---|---|---|---|---|---|---|---|---|
| Books | MC Athens Campus Library | MC Athens Campus Library | 9780000056849 | 7102 | 05/06/2025 | 371.9 DEL V.B | 1 | 05/06/2025 | 05/06/2025 |